| 000 | 00848cam a22002654a 4500 | ||
|---|---|---|---|
| 008 | |||
| 020 | _a0201648601 (pbk.) | ||
| 090 | 0 | _aQA76.758 STE | |
| 100 | 1 | _aStevens, Perdita. | |
| 245 | 1 | 0 |
_aUsing UML : _bsoftware engineering with objects and components / _cPerdita Stevens with Rob Pooley. |
| 260 |
_aHarlow, England : _bAddison-Wesley, _c1999. |
||
| 300 |
_axix, 256 p. : _bill. ; _c24 cm. |
||
| 440 | 4 | _aThe Addison-Wesley object technology series. | |
| 504 | _aIncludes bibliographical references. | ||
| 500 | _aIncludes index. | ||
| 650 | 0 | _aSoftware engineering. | |
| 650 | 0 | _aUML (Computer science) | |
| 700 | 1 | _aPooley, R. J. | |
| 907 |
_a.b10208574 _b01-08-06 _c01-08-06 |
||
| 003 | |||
| 005 | 20230123134231.0 | ||
| 040 | _cNUST | ||
| 049 | _aMAIN | ||
| 942 |
_cBOOKS _kQA76.758 STE |
||
| 999 |
_c162336 _d162336 |
||